Associacionisme i participació ciutadana :
Descripción Física:
59 pàgines ; 30 cm
Idioma:
Catalán
MARC
| LEADER | 00000nam a2200000 a 4500 | ||
|---|---|---|---|
| 001 | 26495 | ||
| 008 | 220818s1998 spa||||| |||| 00| 0 cat d | ||
| 080 | |a Bib-908 | ||
| 111 | |9 54222 |a Jornades d'Associacionisme i Participació - Ciutat Solidària |d (1998 : |c Badalona, Catalunya) | ||
| 245 | 1 | 0 | |a Associacionisme i participació ciutadana : |c conclusions |
| 260 | |a Barcelona : |b Diputació de Barcelona : Ajuntament de Badalona, |c 1998 | ||
| 300 | |a 59 pàgines ; |c 30 cm | ||
| 500 | |a Conclusions de les Jornades d'Associacionisme i Participació - Ciutat Solidària, celebrades el 28 i 29 de novembre de 1998 al BCIN | ||
| 650 | 0 | |9 54223 |a Associacionisme |v Congressos | |
| 650 | 0 | |9 28584 |a Participació social |x Congressos | |
| 710 | 1 | |a Barcelona (Catalunya : Província). |b Diputació |9 52408 | |
| 710 | 1 | |a Badalona (Catalunya). |b Ajuntament |9 51810 | |
| 942 | |2 udc |c ARXIU |n 1 | ||
| 952 | |0 0 |1 0 |4 0 |6 BIB908 |7 1 |9 63486 |a Arxiu |b Arxiu |d 2022-08-18 |l 0 |o Bib-908 |p 26495 |r 2022-08-18 00:00:00 |w 2022-08-18 |y ARXIU | ||
| 999 | |c 82603 |d 82603 | ||